| 000 | 00874 a2200253 4500 | ||
|---|---|---|---|
| 001 | 46356 | ||
| 020 | _a9788599306420 | ||
| 041 | _apor | ||
| 082 | _a028.5 | ||
| 250 | _a2.ed. | ||
| 300 | _a27 p. | ||
| 490 | _aVai começar a brincadeira | ||
| 520 | _aBia e seu irmão gostam muito de brincar de roda. Um dia ganham um lindo pião do papai e a brincadeira fica mais divertida. Cada um roda, roda, roda, mas papai quase não larga o pião. Mamãe, esperta, presenteia cada um com um pião para a brincadeira não parar. | ||
| 521 | _aIK | ||
| 697 | _aLiteratura infantojuvenil. | ||
| 830 | _aVai começar a brincadeira | ||
| 856 | _u000029/0000299a.jpg | ||
| 040 |
_aBR-BrIDEA _cBR-BrIDEA |
||
| 090 |
_aSK 028 _bDIA |
||
| 100 |
_aDias, Vera Lúcia _d1947 |
||
| 245 | 1 | 0 |
_aRoda que roda _c Vera Lúcia Dias |
| 260 |
_aSão Paulo _bElementar _c2011 |
||
| 942 | _cBK | ||
| 999 |
_c46356 _d46356 |
||